书目信息 |
| 题名: |
GIS设计与实现
|
|
| 作者: | 李满春 编著 | |
| 分册: | ||
| 出版信息: | 北京 科学出版社 2023.03 |
|
| 页数: | xi, 217页 | |
| 开本: | 26cm | |
| 丛书名: | ||
| 单 册: | ||
| 中图分类: | P208.2 | |
| 科图分类: | ||
| 主题词: | 地理信息系统--di li xin xi xi tong--高等学校--教材 | |
| 电子资源: | ||
| ISBN: | 978-7-03-063872-4 | |
| 000 | 01260nam0 2200277 450 | |
| 001 | 91244 | |
| 005 | 20250816192238.30 | |
| 010 | @a978-7-03-063872-4@dCNY58.00 | |
| 100 | @a20230523d2023 em y0chiy50 ea | |
| 101 | 0 | @achi |
| 102 | @aCN@b110000 | |
| 105 | @aabk a 000yy | |
| 106 | @ar | |
| 200 | 1 | @aGIS设计与实现@AGIS she ji yu shi xian@f李满春 ... 等编著 |
| 205 | @a第3版 | |
| 210 | @a北京@c科学出版社@d2023.03 | |
| 215 | @axi, 217页@c图, 地图@d26cm | |
| 304 | @a题名页题其余责任者: 陈振杰, 周琛, 陈刚 | |
| 320 | @a有书目 (第211-217页) | |
| 330 | @a本书是在充分分析地理信息系统 (GIS) 发展现状的基础上, 阐述了GIS设计的理论基础、设计内容、技术方法、组织实施过程及相关标准规范, 介绍了GIS设计与实现的各个阶段, 即GIS系统定义、系统总体设计、系统详细设计、系统实施、系统测试与评价、系统维护等的方法、工具、步骤及GIS设计项目管理与质量保证的相关理论和方法。此外, 还对GIS空间数据库、地理模型库的设计与实现进行了剖析。最后, 以国土空间规划信息系统为例, 阐述了GIS设计与实现各阶段的方法和内容。 | |
| 333 | @a“十二五”普通高等教育本科国家级规划教材 | |
| 606 | 0 | @a地理信息系统@Adi li xin xi xi tong@x高等学校@j教材 |
| 690 | @aP208.2@v5 | |
| 701 | 0 | @a李满春@Ali man chun@4编著 |
| 801 | 0 | @aCN@c20250909 |
| 905 | @a河南城建学院图书馆@dP208.2@eL210=3@f1 | |
| GIS设计与实现/李满春 ... 等编著.-第3版.-北京:科学出版社,2023.03 |
| xi, 217页:图, 地图;26cm |
| 使用对象:“十二五”普通高等教育本科国家级规划教材 |
| ISBN 978-7-03-063872-4:CNY58.00 |
| 本书是在充分分析地理信息系统 (GIS) 发展现状的基础上, 阐述了GIS设计的理论基础、设计内容、技术方法、组织实施过程及相关标准规范, 介绍了GIS设计与实现的各个阶段, 即GIS系统定义、系统总体设计、系统详细设计、系统实施、系统测试与评价、系统维护等的方法、工具、步骤及GIS设计项目管理与质量保证的相关理论和方法。此外, 还对GIS空间数据库、地理模型库的设计与实现进行了剖析。最后, 以国土空间规划信息系统为例, 阐述了GIS设计与实现各阶段的方法和内容。 |
| ● |
| 相关链接 |
|
|
|
正题名:GIS设计与实现
索取号:P208.2/L210=3
 
预约/预借
| 序号 | 登录号 | 条形码 | 馆藏地/架位号 | 状态 | 备注 |
| 1 | 1625206 | 216252061 | 自科库401/401自科库 118排1列5层/ [索取号:P208.2/L210=3] | 在馆 |